000 01354nam a2200253 i 4500
001 81983
003 ES-MaACL
005 20230906174543.0
007 t|
008 041116s1892 sp |||| | spa d
100 1 _aValle, Manuel María del.
_9112772
245 1 0 _aPrecedentes del descubrimiento de América en la Edad Media /
_cconferencia de Manuel María del Valle, pronunciada el día 11 de marzo de 1891.
260 _aMadrid :
_b[s.n.],
_c1892 (
_fSucesores de Rivadeneyra)
300 _a80 p. ;
_c25 cm.
500 _aForma parte de: "El continente americano : conferencias dadas en el Ateneo Científico, Literario y Artístico de Madrid con motivo del Cuarto Centenario del Descubrimiento de América". Madrid 1894, tít. que agrupa todas las conferencias del ciclo en tres volúmenes, cada una de ellas con port. y año propios. Esta publicación pertenece al t. 1º.
500 _aPrecede al tít.: Ateneo de Madrid.
610 2 4 _aAteneo de Madrid-
_vConferencias-
_yS.XIX.
_91910
610 2 4 _aAteneo de Madrid-
_vObras digitalizadas.
_91930
651 4 _aAmérica-
_xDescubrimientos y exploraciones-
_yHasta 1492.
_9166204
740 3 2 _aEl continente americano.
852 _aES-MaACL
_jR-2603(4)
852 _aES-MaACL
_jFol-Laf-99
856 _uhttp://www.ateneodemadrid.com/biblioteca_digital/folletos/Folletos-0024.pdf
_zVer documento
999 _c81983
_d81983